New business model of educational institutions
Zmeny vo vzdelávacích inštitúciách. Charakteristika business modelu. Využitie business modelu v podniku. Business model vzdelávacej inštitúcie.
Gespeichert in:
| 1. Verfasser: | |
|---|---|
| Format: | Buchkapitel |
| Sprache: | Englisch |
| Schlagworte: | |
| Tags: |
Keine Tags, Fügen Sie das erste Tag hinzu!
|
MARC
| LEADER | 00000naa$a2200000$$$4500 | ||
|---|---|---|---|
| 001 | 0073861 | ||
| 005 | 20231107072544.5 | ||
| 041 | 0 | |a eng | |
| 044 | |a CZ | ||
| 245 | 1 | 0 | |a New business model of educational institutions |c Matilda Drozdová |
| 520 | |a Zmeny vo vzdelávacích inštitúciách. Charakteristika business modelu. Využitie business modelu v podniku. Business model vzdelávacej inštitúcie. | ||
| 610 | 2 | 0 | |a modely |
| 610 | 2 | 0 | |a vzdelávanie elektronické |
| 610 | 2 | 0 | |a inovácia |
| 610 | 2 | 0 | |a multimédiá |
| 100 | 1 | |a Drozdová, Matilda | |